[Event "Jalgaon op"]
[Site "Jalgaon"]
[Date "2010.11.24"]
[Round "2"]
[White "Abhishek, Kelkar"]
[Black "Patil, Pankaj"]
[Result "1-0"]
[WhiteElo "2268"]
[BlackElo "1777"]
[PlyCount "111"]
[EventDate "2010.11.23"]
[EventType "swiss"]
[EventRounds "11"]
[EventCountry "IND"]
[SourceTitle "CBM 139 Extra"]
[Source "ChessBase"]
[SourceDate "2011.01.05"]
[SourceVersion "1"]
[SourceVersionDate "2011.01.05"]
[SourceQuality "1"]

1. e4 e5 2. Nf3 Nc6 3. Bb5 a6 4. Ba4 Nf6 5. 0-0 b5 6. Bb3 Be7 7. Re1 d6 8. c3 0-0 9. d4 Re8 10. Nbd2 Bf8 11. Bc2 Bg4 12. h3 Bh5 13. d5 Na5 14. Nf1 h6 15. Ng3 Bg6 16. a4 Nb7 17. b4 Qd7 18. Qe2 c5 19. Bd3 c4 20. Bc2 Reb8 21. Be3 Be7 22. Ra2 Bd8 23. Rea1 Qc8 24. Nd2 Ne8 25. Qg4 Qxg4 26. hxg4 Nc7 27. Ndf1 f6 28. axb5 axb5 29. Ba7 Rc8 30. Ne3 Kh7 31. Kf1 Be8 32. Ke2 g6 33. Kd2 Bd7 34. Bd1 Be7 35. Kc2 Nd8 36. Kb2 Nf7 37. f3 Kg7 38. Be2 Kh7 39. Ngf1 Kg7 40. Nd2 Nd8 41. Bxc4 bxc4 42. Nexc4 Kf7 43. Nb6 Ke8 44. Nxa8 Rxa8 45. Nc4 Nb5 46. Nb6 Rxa7 47. Rxa7 Nxa7 48. Rxa7 Bxg4 49. fxg4 f5 50. gxf5 gxf5 51. exf5 e4 52. Nc4 Nf7 53. f6 Bxf6 54. Rxf7 Kxf7 55. Nxd6+ Ke7 56. Nxe4 1-0

[Event "Mumbai Mayors Cup 1st"]
[Site "Mumbai"]
[Date "2008.05.13"]
[Round "4"]
[White "Patil, Pankaj"]
[Black "Banerjee, Sushant"]
[Result "0-1"]
[WhiteElo "1758"]
[BlackElo "2122"]
[PlyCount "66"]
[EventDate "2008.05.11"]
[EventType "swiss"]
[EventRounds "11"]
[EventCountry "IND"]
[SourceTitle "CBM 124 Extra"]
[Source "ChessBase"]
[SourceDate "2008.07.03"]
[SourceVersion "1"]
[SourceVersionDate "2008.07.03"]
[SourceQuality "1"]

1. d4 Nf6 2. c4 e6 3. Nc3 d5 4. Bg5 Nbd7 5. cxd5 exd5 6. a3 c6 7. Nf3 Be7 8. e3 Ne4 9. Bxe7 Qxe7 10. Qc2 0-0 11. Bd3 f5 12. 0-0 g5 13. Rfe1 Ndf6 14. Ne5 Nd7 15. Nf3 g4 16. Nd2 Qh4 17. g3 Qh6 18. b4 Nxf2 19. Kxf2 Qxh2+ 20. Kf1 Nf6 21. Ne2 Nh5 22. Rec1 Re8 23. Ke1 Rxe3 24. Nf1 Qh1 25. Kd2 Re7 26. Bxf5 Rxe2+ 27. Kxe2 Qf3+ 28. Kd2 Bxf5 29. Qc3 Qf2+ 30. Kd1 Qxf1+ 31. Kd2 Qf2+ 32. Kd1 Re8 33. Qd2 Qf1+ 0-1